Longest Countries II (All-Inclusive) Quiz Stats

 Plays Quiz Updated May 15, 2013

Also try: Longest Countries
Challenge
Share
Tweet
Embed
Score 0/40 Timer 07:00
3 Plays Today
Rank Country % Correct
7Russia
98.7%
4United States
98.6%
11China
96.2%
2United Kingdom
95.3%
12Canada
94.9%
1France
94.9%
6Australia
93.6%
14 Brazil
92.6%
8Chile
91.1%
10Argentina
90.8%
17India
90.7%
24Spain
88.4%
18Mexico
88.1%
19Japan
87.7%
16Denmark
84.2%
3Norway
82.2%
13Indonesia
80.9%
21South Africa
79.9%
33Portugal
78.4%
5New Zealand
78.1%
Rank Country % Correct
9Netherlands
69.6%
26Mongolia
69.5%
29Iran
68.7%
28Saudi Arabia
67.8%
20Kazakhstan
67.1%
35Peru
65.9%
32Algeria
62.2%
27Democratic Rep. of the Congo
61.4%
30Malaysia
57.4%
38 Sudan
57.2%
25Colombia
56.7%
40Libya
54.7%
37Vietnam
51%
31Morocco
45.5%
22Micronesia
38.1%
36Myanmar
36.1%
39Mozambique
36%
34Papua New Guinea
33.9%
15Kiribati
23.5%
23Taiwan
20.2%

You're not logged in!

Compare scores with friends on all Sporcle quizzes.
OR
Log In

You Might Also Like...

Show Comments

Extras

Top Quizzes Today


Score Distribution

Your Account Isn't Verified!

In order to create a playlist on Sporcle, you need to verify the email address you used during registration. Go to your Sporcle Settings to finish the process.

Report this User

Report this user for behavior that violates our Community Guidelines.

Details: